000 00926cam a2200277 a 4500
005 20260322212012.0
008 data
010 _a 00023258
020 _a0385334702
020 _a9780385334709
040 _aDLC
_cDLC
_dDLC
050 0 0 _aPS3566.L254
_bA69 2000b
082 0 0 _a813/.54
_221
100 1 _aPlain, Belva.
245 1 0 _aAfter the fire /
_cBelva Plain.
260 _aNew York :
_bDelacorte Press,
_c2000.
300 _a342 p. ;
_c25 cm.
650 0 _aMothers and daughters
_vFiction.
650 0 _aCustody of children
_vFiction.
650 0 _aExtortion
_vFiction.
655 7 _aDomestic fiction.
_2lcsh
856 4 2 _3Contributor biographical information
_uhttp://www.loc.gov/catdir/bios/random052/00023258.html
856 4 1 _3Sample text
_uhttp://www.loc.gov/catdir/samples/random041/00023258.html
856 4 2 _3Publisher description
_uhttp://www.loc.gov/catdir/description/random043/00023258.html
001 data
999 _c255
_d255